Champions League Runners-up - Statistics

General Stats
  • This quiz has been taken 189 times
    30 since last reset
  • The average score is 55 of 70
Answer Stats
Year Winner Country Answer % Correct
1973 Ajax ITA Juventus
100%
1983 Hamburger SV ITA Juventus
100%
1997 Borussia Dortmund ITA Juventus
100%
1998 Real Madrid ITA Juventus
100%
2003 AC Milan ITA Juventus
100%
2015 Barcelona ITA Juventus
100%
2017 Real Madrid ITA Juventus
100%
1985 Juventus ENG Liverpool
100%
2007 AC Milan ENG Liverpool
100%
2018 Real Madrid ENG Liverpool
100%
2022 Real Madrid ENG Liverpool
100%
2002 Real Madrid GER Bayer Leverkusen
96%
2013 Bayern Munich GER Borussia Dortmund
96%
2024 Real Madrid GER Borussia Dortmund
96%
1967 Celtic ITA Inter Milan
96%
1972 Ajax ITA Inter Milan
96%
2023 Manchester City ITA Inter Milan
96%
2025 PSG ITA Inter Milan
96%
2021 Chelsea ENG Manchester City
96%
2020 Bayern Munich FRA PSG
96%
1974 Bayern Munich SPA Atletico Madrid
92%
2014 Real Madrid SPA Atletico Madrid
92%
1961 Benfica SPA Barcelona
92%
1986 Steaua București SPA Barcelona
92%
1994 AC Milan SPA Barcelona
92%
2009 Barcelona ENG Manchester United
92%
2011 Barcelona ENG Manchester United
92%
1958 Real Madrid ITA Milan
92%
1993 Marseille ITA Milan
92%
1995 Ajax ITA Milan
92%
2005 Liverpool ITA Milan
92%
1963 AC Milan POR Benfica
88%
1965 Inter Milan POR Benfica
88%
1968 Manchester United POR Benfica
88%
1988 PSV Eindhoven POR Benfica
88%
1990 AC Milan POR Benfica
88%
2008 Manchester United ENG Chelsea
88%
1962 Benfica SPA Real Madrid
88%
1964 Inter Milan SPA Real Madrid
88%
1981 Liverpool SPA Real Madrid
88%
2019 Liverpool ENG Tottenham Hotspur
88%
1969 AC Milan NLD Ajax
83%
1996 Juventus NLD Ajax
83%
2006 Barcelona ENG Arsenal
83%
2016 Real Madrid SPA Atletico
83%
1982 Aston Villa GER Bayern Munich
83%
1987 Porto GER Bayern Munich
83%
1999 Manchester United GER Bayern Munich
83%
2010 Inter Milan GER Bayern Munich
83%
2012 Chelsea GER Bayern Munich
83%
1991 Red Star Belgrade FRA Marseille
83%
1984 Liverpool ITA Roma
75%
1980 Nottingham Forest GER Hamburg
71%
2004 Porto FRA Monaco
67%
2000 Real Madrid SPA Valencia
63%
2001 Bayern Munich SPA Valencia
63%
1970 Feyernoord SCO Celtic
54%
1989 AC Milan ROM FCSB
54%
1978 Liverpool BEL Club Brugge
46%
1979 Nottingham Forest SWE Malmo
46%
1992 Barcelona ITA Sampdoria
46%
1976 Bayern Munich FRA Saint-Etienne
38%
1977 Liverpool GER Borussia Monchengladbach
33%
1960 Real Madrid GER Eintracht Frankfurt
33%
1957 Real Madrid ITA Fiorentina
29%
1975 Bayern Munich ENG Leeds
29%
1956 Real Madrid FRA Reims
29%
1959 Real Madrid FRA Reims
29%
1971 Ajax GRE Panathinaikos
25%
1966 Real Madrid YUG Partizan
21%
No matching quizzes found
Score Distribution
Percent of People with Each Score
Percentile by Number Answered
Your Score History
You have not taken this quiz since the last reset